|
|
|
|
| LEADER |
00000nab a2200000 a 4500 |
| 001 |
vtls000252560 |
| 003 |
SK-MaSNL |
| 005 |
20260302221008.0 |
| 008 |
111130c1986 xo 0 slo |
| 015 |
|
|
|a SNBRB19rr/mm-uuuuu
|
| 035 |
|
|
|a CL0262674
|
| 040 |
|
|
|a SNKBUCL
|b slo
|c SNKBUCL
|e AACR2
|
| 041 |
0 |
|
|a slo
|
| 044 |
|
|
|a xo
|c SK
|
| 080 |
|
|
|a 792.075
|2 1981
|
| 080 |
|
|
|a 792.071.2
|2 1981
|
| 080 |
|
|
|a 791.44.071.2
|2 1981
|
| 080 |
|
|
|a 378.124
|2 1981
|
| 080 |
|
|
|a 929 Budský, Jozef
|2 1981
|
| 100 |
1 |
|
|a Štefko, Vladimír,
|d 1942-
|4 aut
|4 ivr
|9 103434
|
| 245 |
1 |
0 |
|a Z zápasoch času
|b Hosť Nového slova - národný umelec Jozef Budský
|c Jozef Budský, Vladimír Štefko
|
| 300 |
|
|
|b Obr. 1.
|
| 600 |
1 |
7 |
|a Budský, Jozef,
|d 1911-1989
|2 snkbucl
|9 113868
|
| 655 |
|
7 |
|a články z novín a časopisov
|2 snkbucl
|9 267496
|
| 700 |
1 |
|
|a Budský, Jozef,
|d 1911-1989
|4 aut
|4 ive
|9 113868
|
| 773 |
0 |
|
|t Nové slovo
|g Roč. 28, č. 23 (1986), s. 13
|
| 850 |
|
|
|a Slovenská národná knižnica v Martine
|a MTA001
|
| 852 |
|
|
|a SNK
|b KIS3GCP
|
| 958 |
|
|
|a BX
|
| 992 |
|
|
|a RBX
|
| 999 |
|
|
|c 1509644
|d 1511574
|